Sté výročie Trianonskej mierovej zmluvy v kontexte súčasnej zahraničnej politiky Maďarska
Preskúmanie toho, do akej miery je zahraničná politika pod vládnou stranou FIDESZ premiéra Orbána determinovaná stým výročím podpisu „Trianonu“. Zmapovanie pôsobenia historického iredentizmu a revizionizmu na diplomaciu 21. storočia, na príklade Maďarskej republiky.
Salvato in:
| Autore principale: | |
|---|---|
| Natura: | Capitolo di libro |
| Lingua: | slovacco |
| Soggetti: | |
| Tags: |
Nessun Tag, puoi essere il primo ad aggiungerne!!
|
MARC
| LEADER | 00000naa$a2200000$$$4500 | ||
|---|---|---|---|
| 001 | 0269787 | ||
| 005 | 20240502074228.8 | ||
| 041 | 0 | |a slo | |
| 044 | |a SK | ||
| 245 | 1 | 0 | |a Sté výročie Trianonskej mierovej zmluvy v kontexte súčasnej zahraničnej politiky Maďarska |c Jakub Szabó |
| 520 | |a Preskúmanie toho, do akej miery je zahraničná politika pod vládnou stranou FIDESZ premiéra Orbána determinovaná stým výročím podpisu „Trianonu“. Zmapovanie pôsobenia historického iredentizmu a revizionizmu na diplomaciu 21. storočia, na príklade Maďarskej republiky. | ||
| 610 | 2 | 0 | |a Maďarsko |
| 610 | 2 | 0 | |a politika zahraničná |
| 610 | 2 | 0 | |a vláda |
| 100 | 1 | |a Szabó, Jakub, 1996- | |